<?xml version='1.0' encoding='UTF-8'?>
  <record xmlns="http://www.loc.gov/MARC21/slim">
    <leader>00000cam a22000007i 4500</leader>
    <controlfield tag="001">ocn777015883</controlfield>
    <controlfield tag="003">OCoLC</controlfield>
    <controlfield tag="005">20250703233745.4</controlfield>
    <controlfield tag="007">hj bda|||uuuu</controlfield>
    <controlfield tag="008">010227s1880    ne      a     000 0 dut d</controlfield>
    <datafield tag="040" ind1=" " ind2=" ">
      <subfield code="a">NLGGC</subfield>
      <subfield code="b">dut</subfield>
      <subfield code="e">fobidrtb</subfield>
      <subfield code="c">NLGGC</subfield>
      <subfield code="d">OCLCO</subfield>
      <subfield code="d">OCLCL</subfield>
      <subfield code="d">OCLCQ</subfield>
      <subfield code="d">OCLCL</subfield>
    </datafield>
    <datafield tag="029" ind1="0" ind2=" ">
      <subfield code="a">NLGGC</subfield>
      <subfield code="b">214103005</subfield>
    </datafield>
    <datafield tag="029" ind1="1" ind2=" ">
      <subfield code="a">NLGGC</subfield>
      <subfield code="b">195144600</subfield>
    </datafield>
    <datafield tag="035" ind1=" " ind2=" ">
      <subfield code="a">(OCoLC)777015883</subfield>
    </datafield>
    <datafield tag="041" ind1="1" ind2=" ">
      <subfield code="a">dut</subfield>
      <subfield code="h">eng</subfield>
    </datafield>
    <datafield tag="082" ind1="0" ind2="4">
      <subfield code="a">823.7</subfield>
      <subfield code="1">https://id.oclc.org/worldcat/ddc/E336XCHDyQ4tmhpDrWpMh7DRD3</subfield>
    </datafield>
    <datafield tag="100" ind1="1" ind2=" ">
      <subfield code="a">Dickens, Charles</subfield>
      <subfield code="q">(Charles John Huffam),</subfield>
      <subfield code="d">1812-1870.</subfield>
      <subfield code="1">https://id.oclc.org/worldcat/entity/E39PBJpj8M9G8RjTPvBdJbPCwC</subfield>
    </datafield>
    <datafield tag="245" ind1="1" ind2="0">
      <subfield code="a">Samuel Pickwick en zijne reisgenooten /</subfield>
      <subfield code="c">Charles Dickens ; vert. van C.M. Mensing.</subfield>
    </datafield>
    <datafield tag="260" ind1=" " ind2=" ">
      <subfield code="a">Schiedam :</subfield>
      <subfield code="b">Roelants,</subfield>
      <subfield code="c">[ca. 1880]</subfield>
    </datafield>
    <datafield tag="300" ind1=" " ind2=" ">
      <subfield code="a">455 p., [1] bl. pl. ;</subfield>
      <subfield code="c">19 cm.</subfield>
    </datafield>
    <datafield tag="336" ind1=" " ind2=" ">
      <subfield code="a">tekst</subfield>
      <subfield code="b">txt</subfield>
      <subfield code="2">rdacontent/dut</subfield>
    </datafield>
    <datafield tag="337" ind1=" " ind2=" ">
      <subfield code="a">microvorm</subfield>
      <subfield code="b">h</subfield>
      <subfield code="2">rdamedia/dut</subfield>
    </datafield>
    <datafield tag="338" ind1=" " ind2=" ">
      <subfield code="a">microfilmrol</subfield>
      <subfield code="b">hj</subfield>
      <subfield code="2">rdacarrier/dut</subfield>
    </datafield>
    <datafield tag="500" ind1=" " ind2=" ">
      <subfield code="a">Dickens-editie.</subfield>
    </datafield>
    <datafield tag="530" ind1=" " ind2=" ">
      <subfield code="a">Also available in print.</subfield>
    </datafield>
    <datafield tag="533" ind1=" " ind2=" ">
      <subfield code="a">Microfilmrol</subfield>
      <subfield code="b">Utrecht</subfield>
      <subfield code="c">Universiteitsbibliotheek Utrecht (verfilmer),</subfield>
      <subfield code="d">2000.</subfield>
      <subfield code="e">1  microfilm (16 mm).</subfield>
    </datafield>
    <datafield tag="535" ind1="1" ind2=" ">
      <subfield code="3">Origineel</subfield>
      <subfield code="a">Universiteitsbibliotheek Utrecht (AB-THO: PER 168-569)</subfield>
      <subfield code="c">Netherlands</subfield>
      <subfield code="g">ne</subfield>
    </datafield>
    <datafield tag="535" ind1="2" ind2=" ">
      <subfield code="3">Master microvorm</subfield>
      <subfield code="a">Universiteitsbibliotheek Utrecht (MM06B-000115)</subfield>
      <subfield code="c">Netherlands</subfield>
      <subfield code="g">ne</subfield>
    </datafield>
    <datafield tag="700" ind1="1" ind2=" ">
      <subfield code="a">Mensing, C.M.</subfield>
    </datafield>
    <datafield tag="758" ind1=" " ind2=" ">
      <subfield code="a">1881 Works Selections (Text)</subfield>
      <subfield code="1">https://id.oclc.org/worldcat/entity/E39PCGykqcKCHwVCqJBcJqtwcq</subfield>
      <subfield code="4">https://id.oclc.org/worldcat/ontology/hasWork</subfield>
    </datafield>
    <datafield tag="765" ind1="0" ind2=" ">
      <subfield code="t">Mr. Pickwick's travels,</subfield>
      <subfield code="d">1836/1837</subfield>
    </datafield>
    <datafield tag="776" ind1="1" ind2=" ">
      <subfield code="c">Original</subfield>
      <subfield code="w">(NL-LeOCL)091627419</subfield>
    </datafield>
    <datafield tag="936" ind1=" " ind2=" ">
      <subfield code="a">BATCHLOAD</subfield>
    </datafield>
  </record>